Normal view
MARC view
Entry Personal Name
001 - CONTROL NUMBER
- control field: 2270
003 - CONTROL NUMBER IDENTIFIER
- control field: BD-RjUL
005 - DATE AND TIME OF LATEST TRANSACTION
- control field: 20220406123041.0
008 - FIXED-LENGTH DATA ELEMENTS
- fixed length control field: 220406|| aca||aabn | a|a d
040 ## - CATALOGING SOURCE
- Original cataloging agency: BD-RjUL
- Transcribing agency: BD-RjUL
100 ## - HEADING--PERSONAL NAME
- Personal name: Islam, Abu Hasanat Md. Headayutul
670 ## - SOURCE DATA FOUND
- Source citation: Work cat.: (BD-RjUL)79668: Islam, Abu Hasanat Md. Headayutul, Poverty, Technology and Agricultural Changes in the Barind Region: